000 01024nam a2200265Ia 4500
003 OSt
005 20221005113129.0
006 a|||||r|||| 00| 0
007 ta
008 221004b |||||||| |||| 00| 0 pan d
020 _a9789385326431 (hbk)
_cINR 400.00
024 _a65441
037 _bSP/5334, 28/01/2020, Star Publications Pvt. Ltd.
_cTextual
040 _aCRL
_cCRL
_bpan
041 _2pan
_apan
082 _aO153,3NSAx, Q9
100 _aਬੱਦਲ, ਬਲਦੇਗ ਸਿੰਘ, ਥਦ.
245 0 _aਐਸ. ਸਾਕੀ ਦੀਆਂ ਚੋਣਵੀਆਂ ਕਹਾਣੀਆਂ
260 _aਦਿੱਲੀ
_bਲਕFਯ ਪਬਲੀਕੇFਨਗ਼ ਭਾਰਤ
_c2019
300 _a352ਪ੍ਰ0
_ccm.
650 _a ਪੰਜਾਬੀ ਕਹਾਣੀ
650 _aਪੰਜਾਬੀ ਸਾਹਿਤ
942 _hO153,3NSAx, Q9
_cTEXL
_2cc
999 _c1027143
_d1027143